Ръцете, с които оцеляваме (Запис номер 516993)
[ съкратено ]
| 000 -Лидер | |
|---|---|
| Лидер | 01042nam a2200265 a 4500 |
| 003 - Код на организацията, давaща контролен номер | |
| Код на организацията, даваща контролен номер | BLK |
| 005 - Дата и час на последна редакция | |
| Дата и час на последна редакция | 20240916100954.0 |
| 008 - Елементи от данни с фиксирана дължина | |
| Елементи с фиксирана дължина | 200702b bu ||||| |||| 00| 0 bu d |
| 020 ## - Международен стандартен номер на книга ISBN | |
| ISBN | 9786197748277 |
| 040 ## - Източник на каталожния запис | |
| Код на библиотеката | BLK |
| 041 ## - Код за език | |
| Език | Български |
| Език за КДБФ | Български |
| 080 ## - УДК | |
| УДК текст | Българска литература |
| УДК код | 821.163.2 |
| УДК – определител | -1 |
| УДК – код + определител | 821.163.2-1 |
| 100 ## - Редна дума - Автор | |
| Автор | Богданова, Боряна Маринова |
| R(LIN) | 1299 |
| 245 ## - Сведения за заглавието | |
| Заглавие | Ръцете, с които оцеляваме |
| Подзаглавни данни | поезия |
| Авторска отговорност | Боряна Богданова ; худож. Капка Кънева |
| 257 ## - Страна на издаване | |
| Страна на създаване/издаване | България |
| 260 ## - Област на издателските данни | |
| 9 (RLIN) | 391437 |
| Място на издаване | София |
| Име на издателя | Библ. България |
| Година на издаване | 2024 |
| 300 ## - Физическа характеристика | |
| Брой страници | 76 с. |
| Илюстрации | с ил. |
| Размер | 21 см |
| 380 ## - Жанр | |
| Жанр | Худож. лит. |
| 500 ## - Общи забележки | |
| Обща забележка | Биогр. данни за авт. отбелязани на гърба на кор. |
| 700 ## - Други автори (авторска отговорност) | |
| 9 (RLIN) | 350789 |
| Друг автор | Кънева, Капка Николаева |
| 852 ## - Местоположение | |
| Сигнатура (форматна) | Цб 324339 |
| Отдел | Хранилище |
| 942 ## - АРТИКУЛИ | |
| Вид на библиотечния документ | Книги |
| Скрит в OPAC | Не |
| Периодичен библиозапис | Да |
| 944 ## - СЪЗДАВАНЕ И РЕДАКЦИЯ на ЗАПИСА | |
| Дата на регистрацията/редакция | Кети Илиева |
| Служител, извършил регистрацията/редакцията | 30550 |
| Създаване/Редакция | |
| Номер на служител | Кети Илиева |
| 999 ## - СИСТЕМНИ КОНТРОЛНИ НОМЕРА | |
| Koha biblionumber | 516993 |
| Koha biblioitemnumber | 516993 |
| Код за отписване | Код за изгубен артикул | Източник на класификационната схема | Код за повреда | Коз за рестрикции | Код за отдаване | Артикулен № | Име на библиотеката - собственик | Име на библиотеката, в която се намира в момента | Статус (Текущо местоположение) | Дата на вписване в системата | Местоположение - отдел | Цена в лева | Инвентарен номер | Систематично азбучна сигнатура | Баркод | Цена в евро | Служебен тип на артикула |
|---|---|---|---|---|---|---|---|---|---|---|---|---|---|---|---|---|---|
| Не е изгубен | Universal Decimal Classification | Не е повреден | само за читалня | ползва се в читалня | 948982 | Регионална библиотека "Любен Каравелов" Русе | Регионална библиотека "Любен Каравелов" Русе | Хранилище | 2024-09-16 | Хранилище | 15.00 | 120000912352 | Цб 324339 | 120000912352 | 7.67 | Книги |